Diccionario Sigmar de la lengua española : (Registro nro. 1036)
[ vista simple ]
| 000 -LEADER | |
|---|---|
| fixed length control field | 00520nam a22001937a 4500 |
| 003 - CONTROL NUMBER IDENTIFIER | |
| control field | AR-RoUNCS |
| 005 - DATE AND TIME OF LATEST TRANSACTION | |
| control field | 20260602155852.0 |
| 007 - PHYSICAL DESCRIPTION FIXED FIELD--GENERAL INFORMATION | |
| fixed length control field | ta |
| 008 - FIXED-LENGTH DATA ELEMENTS--GENERAL INFORMATION | |
| fixed length control field | 260602s2004 ag ||||r|||| 00| 0 spa d |
| 020 ## - INTERNATIONAL STANDARD BOOK NUMBER | |
| International Standard Book Number | 9501106403 |
| 040 ## - CATALOGING SOURCE | |
| Transcribing agency | AR-RoUNCS |
| Original cataloging agency | AR-RoUNCS |
| Language of cataloging | spa |
| 041 ## - LANGUAGE CODE | |
| Language code of text/sound track or separate title | spa |
| 080 ## - UNIVERSAL DECIMAL CLASSIFICATION NUMBER | |
| Authority record control number or standard number | (038)=134.2 |
| 245 00 - TITLE STATEMENT | |
| Title | Diccionario Sigmar de la lengua española : |
| Remainder of title | pequeño escolar 1. |
| 260 ## - PUBLICATION, DISTRIBUTION, ETC. | |
| Place of publication, distribution, etc. | Buenos Aires : |
| Name of publisher, distributor, etc. | Sigmar, |
| Date of publication, distribution, etc. | c2004. |
| 300 ## - PHYSICAL DESCRIPTION | |
| Extent | 382 p. ; |
| Dimensions | 13 cm. |
| 650 #4 - SUBJECT ADDED ENTRY--TOPICAL TERM | |
| Topical term or geographic name entry element | ESPAÑOL |
| Form subdivision | DICCIONARIOS |
| 942 ## - ADDED ENTRY ELEMENTS (KOHA) | |
| Source of classification or shelving scheme | Universal Decimal Classification |
| Koha item type | Obra General |
| Suppress in OPAC | No |
| Withdrawn status | Lost status | Source of classification or shelving scheme | Damaged status | Not for loan | Collection | Home library | Current library | Date acquired | Total checkouts | Full call number | Barcode | Date last seen | Price effective from | Koha item type |
|---|---|---|---|---|---|---|---|---|---|---|---|---|---|---|
| Universal Decimal Classification | Colección de Referencia | Biblioteca Escuela de Ciencias Sociales | Biblioteca Escuela de Ciencias Sociales | 02/06/2026 | (038)=134.2 D545 | 001523 | 02/06/2026 | 02/06/2026 | Obra General |